|
|
|
|
| LEADER |
00000nab a2200000 a 4500 |
| 001 |
vtls000603027 |
| 003 |
SK-MaSNL |
| 005 |
20260304101109.0 |
| 008 |
250426c1994 xo 0 slo |
| 015 |
|
|
|a SNBRB19rr/mm-uuuuu
|
| 035 |
|
|
|a CL0603166
|
| 035 |
|
|
|a (urnnbn)urn:nbn:sk:snk:ar-0025mu
|
| 035 |
|
|
|a (uuid)44dfd69d-6210-4ac8-b12a-3cbad780b4cd
|
| 035 |
|
|
|a urn:nbn:sk:snk-ab7qz1
|
| 040 |
|
|
|a SNKBUCL
|b slo
|c SNKBUCL
|e AACR2
|
| 041 |
0 |
|
|a slo
|
| 044 |
|
|
|a xo
|c SK
|
| 080 |
|
|
|a 78.071.1
|2 1981
|
| 080 |
|
|
|a 929 Couperin, François
|2 1981
|
| 100 |
1 |
|
|a [LK]
|4 aut
|9 1395992
|
| 245 |
1 |
0 |
|a François Couperin (1713, 1716/1717, 1722, 1724, 1726)
|b (1668 - 1733)
|c [LK], [KL]
|
| 300 |
|
|
|b Lit. v pozn.
|
| 500 |
|
|
|a Súčasťou článku je profil F. Couperina
|
| 600 |
1 |
7 |
|a Couperin, François
|d 1668-1733
|x tvorba skladateľská - r. 1713-1726 - spisy - texty
|2 snkbucl
|9 1395993
|
| 650 |
0 |
7 |
|a Couperin, François
|2 snkbucl
|9 924839
|
| 655 |
|
7 |
|a články z novín a časopisov
|2 snkbucl
|9 267496
|
| 700 |
1 |
|
|a [KL]
|4 aut
|9 1376144
|
| 773 |
0 |
|
|t Slovenská hudba
|g Roč. 20, č. 3-4 (1994), s. 562-570
|
| 850 |
|
|
|a Slovenská národná knižnica
|
| 852 |
|
|
|a Slovenská národná knižnica
|
| 954 |
|
|
|a odborná, vedecká literatúra pôvodná (slovenská)
|2 lita
|
| 958 |
|
|
|a article9
|
| 958 |
|
|
|a OND
|
| 958 |
|
|
|a NX
|
| 958 |
|
|
|a FR
|
| 958 |
|
|
|a RK
|
| 958 |
|
|
|a EUIPO
|
| 992 |
|
|
|a RBX
|
| 999 |
|
|
|c 2840697
|d 2842627
|